[Event "7th Holuj Radzikowska 2017"]
[Site "Wroclaw"]
[Date "2017.11.29"]
[Round "1"]
[White "Socko, Monika"]
[Black "Bulmaga, Irina"]
[Result "0-1"]
[WhiteElo "2476"]
[BlackElo "2420"]
[Annotator "TA"]
[PlyCount "102"]
[EventDate "2017.??.??"]
[EventType "swiss"]
[EventCountry "POL"]
[SourceTitle "playchess.com"]
[Source "ChessBase"]
[SourceQuality "1"]

{[%evp 13,102,4,13,-9,-1,0,0,0,0,-11,0,-9,0,-3,-12,-10,-6,-14,12,19,18,15,18,0,8,7,17,19,30,4,86,82,64,0,0,0,51,9,14,-6,0,0,0,-2,0,0,-16,-16,0,0,0,-56,28,33,38,12,15,20,17,12,13,8,45,0,0,0,0,0,64,-14,-14,-77,-77,-77,-77,-77,555,-80,-81,-4598,-4132,-29978,-29979,-29979,-29980,-29980,-29981,-29981,-29982,-29982,-29983]} 1. d4 Nf6 2. c4 e6 3. Nc3 Bb4 4. e3 O-O 5. Nge2 d5 6. a3 Bd6 7. Ng3 Re8 {LiveBook: 18 Games. E46: Nimzo-Indian: Rubinstein: 4 e3 0-0 5 Ne2 without early Bd3} (7... c6 8. Qc2 e5 9. dxe5 Bxe5 10. Bd3 Be6 11. cxd5 cxd5 12. O-O Nc6 13. Bf5 Rc8 14. Bd2 Qd7 15. Bxe6 fxe6 {0-1 (31) Aleksandrov,A (2615)-Navara,D (2730) Minsk 2015}) 8. c5 Bf8 9. f4 b6 {The position is equal.} 10. b4 $1 a5 11. Rb1 $146 ({Predecessor:} 11. Bd2 axb4 12. axb4 Rxa1 13. Qxa1 Ng4 14. Bd3 f5 15. h3 {1-0 (31) Minev,N-Tompa,J Baja 1971}) 11... c6 12. Bd3 Ba6 13. O-O Bxd3 14. Qxd3 axb4 15. axb4 bxc5 16. bxc5 Nbd7 17. Bd2 Ra3 18. Qe2 g6 19. Rb7 Bg7 20. Rfb1 h5 21. h3 h4 (21... Qa8 $11) 22. Nf1 $16 Nh5 23. R7b3 ({White should play} 23. Qe1 $14) 23... Rxb3 $11 24. Rxb3 Qa8 ({Black should try} 24... Nxf4 $11 25. Qa6 Nb8) 25. Qf2 Bf6 26. Bc1 Rb8 $36 {[%mdl 2048] Black has good play.} 27. Ra3 Qb7 28. Qa2 {[#]} Nxf4 $1 {[%mdl 512]} 29. exf4 {Strongly threatening Ne2.} Bxd4+ 30. Be3 Bxe3+ 31. Nxe3 Qb4 32. Ne2 (32. Ng4 $11) 32... Qb1+ (32... Qe1+ $15 33. Nf1 Nxc5) 33. Qxb1 Rxb1+ 34. Nf1 Nxc5 35. Rc3 Ne4 36. Rxc6 Re1 37. Rc2 Kg7 38. Nd4 Ng3 39. Rf2 Rd1 40. Nf3 $1 d4 (40... Kf6 $11) 41. N3d2 {[#]} (41. Nxh4 $14 f5 42. Nf3) 41... g5 $1 {[%mdl 512] ...gxf4 is the strong threat.} 42. fxg5 {[#]} (42. Kh2 $1 $11 gxf4 43. Rxf4) 42... e5 $1 $17 {[%cal Be6e5,Be5e4,Be4e3][%mdl 32] aiming for ...e4.} 43. Kh2 e4 {And now ...e3 would win.} 44. Nxg3 hxg3+ 45. Kxg3 {[%mdl 4096] Endgame KRN-KR} e3 $1 {[%csl LRd2,LRf2]} 46. Re2 $2 {[%mdl 8192]} (46. Nf3 $17 exf2 47. Kxf2) 46... Rxd2 $19 47. Kf3 Rxe2 {Black mates.} 48. Kxe2 Kg6 49. Kf3 Kxg5 50. g3 f5 {[%cal Bf7f5,Bf5f4][%mdl 32]} 51. Ke2 f4 {Precision: White = 47%, Black = 47%.} 0-1

[Event "7th Holuj Radzikowska 2017"]
[Site "Wroclaw"]
[Date "2017.11.29"]
[Round "1"]
[White "Atalik, Ekaterina"]
[Black "Majdan, Joanna"]
[Result "1-0"]
[WhiteElo "2463"]
[BlackElo "2349"]
[Annotator "TA"]
[PlyCount "30"]
[EventDate "2017.??.??"]
[EventType "swiss"]
[EventCountry "POL"]
[SourceTitle "playchess.com"]
[Source "ChessBase"]
[SourceQuality "1"]

{[%evp 16,18,2,0,0]} 1. d4 d5 2. c4 e6 3. Nc3 c6 4. e3 f5 5. Bd3 Nf6 6. Nge2 Bd6 7. f3 O-O 8. Qc2 b6 {A84: Dutch Defence: 2 c4 Miscellaneous} (8... Kh8 9. Bd2 Na6 10. a3 dxc4 11. Bxc4 Nc7 12. Bd3 Ncd5 13. O-O Bd7 14. h3 Qe7 15. Rae1 Rae8 16. e4 fxe4 17. Nxe4 {0-1 (40) Aleksandrov,A (2574)-Lu,S (2627) Doha 2016}) 9. Bd2 {LiveBook: 5 Games} Na6 {[%mdl 32768] Loss on Time!?} {Predecessor:} 10. a3 $146 Nc7 11. e4 fxe4 12. fxe4 e5 13. cxd5 cxd5 14. dxe5 Bxe5 15. exd5 Bb7 {0-1 (44) Hermesmann,H (2220)-Kaeser,U Neuss 1986} 1-0

[Event "7th Holuj Radzikowska 2017"]
[Site "Wroclaw"]
[Date "2017.11.29"]
[Round "1"]
[White "Javakhishvili, Lela"]
[Black "Shvayger, Yuliya"]
[Result "1-0"]
[WhiteElo "2438"]
[BlackElo "2440"]
[Annotator "TA"]
[PlyCount "121"]
[EventDate "2017.??.??"]
[EventType "swiss"]
[EventCountry "POL"]
[SourceTitle "playchess.com"]
[Source "ChessBase"]
[SourceQuality "1"]

{[%evp 14,120,36,35,52,52,52,42,52,55,54,54,50,58,52,43,30,43,43,40,39,36,43,29,52,37,41,42,41,40,33,50,49,37,35,40,37,38,38,0,22,0,36,36,41,37,45,37,44,51,50,44,45,45,47,47,48,50,47,43,43,40,51,59,156,136,130,94,95,0,0,0,22,20,70,64,64,61,119,67,67,67,67,67,67,67,67,64,66,65,136,136,136,135,135,135,135,135,135,12,136,0,0,0,136,136,138,139,29999]} 1. c4 e5 {[%cal Be7e5,Be5e4][%mdl 32]} 2. g3 Nf6 3. Bg2 c6 4. Nf3 {[%cal Bg1f3,Bf3d4,Bd4c2][%mdl 32]} e4 5. Nd4 d5 6. d3 {A20: English Opening: 1...e5} (6. cxd5 Qxd5 7. e3 Na6 8. d3 Bb4+ 9. Nc3 Nc5 10. O-O Bxc3 11. dxe4 Ncxe4 12. bxc3 O-O 13. Qc2 c5 14. Nb3 Bf5 {0-1 (59) Gelfand,B (2729)-Inarkiev,E (2702) Nazran 2017}) 6... Bb4+ 7. Nc3 O-O 8. O-O {LiveBook: 4 Games. White is slightly better.} dxc4 $146 ({Predecessor:} 8... e3 9. fxe3 dxc4 10. Nc2 Bxc3 11. bxc3 Bg4 12. Qd2 Na6 13. Nd4 Re8 {1-0 (47) Lenderman,A (2623)-Mikhalevski,V (2526) Calgary 2015}) 9. dxe4 Re8 10. Nc2 Qxd1 11. Rxd1 Bxc3 12. bxc3 Nbd7 {[%cal Bb8d7,Bd7c5,Bc5a4][%mdl 32]} 13. f3 Nc5 $1 14. Rd4 b5 15. Bd2 Bb7 16. Rd1 Na4 17. Be1 a5 18. Rd6 Kf8 19. Nd4 Rec8 20. Bh3 Ne8 21. Bxc8 Rxc8 22. Rd7 Nc5 23. Nf5 Nxd7 24. Rxd7 Rc7 25. Rd8 Rc8 26. Rd7 Rc7 27. Rd8 {And now Rb8 would win.} (27. Rd2 {with more complications.} g6 28. Ne3 Bc8 29. a4 Be6 30. Nc2) 27... Rc8 28. Rd1 {Bf2 is the strong threat.} g6 29. Nd4 Ba6 30. a3 Ke7 31. g4 f6 32. h4 Ng7 33. g5 fxg5 34. hxg5 c5 35. Nc2 Ne6 36. Ne3 Rd8 37. Nd5+ Kf7 38. Rb1 h6 (38... Bb7 $14) 39. gxh6 $16 Rh8 40. Bd2 g5 41. e3 (41. Be1 $16) 41... Rxh6 $11 42. f4 Rh4 43. Kg2 b4 44. axb4 cxb4 45. cxb4 c3 (45... axb4 $14 46. Rxb4 (46. Nxb4 Bc8 $16) 46... c3 47. Nxc3 (47. Bxc3 gxf4 48. Bd2 Rg4+ 49. Kf2 Nc5 $14) 47... gxf4) 46. Nxc3 ({White should play} 46. b5 $16 Bxb5 47. Nxc3 (47. Bxc3 Bd3 $16)) 46... Bd3 $14 47. Rb2 {Threatens to win with f5.} axb4 48. Rxb4 {aiming for Rb7+.} gxf4 49. exf4 Nxf4+ 50. Kg3 Ng6 51. Rb7+ Ke8 (51... Kf8 $1 $14) 52. Nd5 $1 $16 Bxe4 53. Nf6+ Kd8 54. Ba5+ $1 Kc8 {[#]} 55. Rc7+ $1 Kb8 {[#]} 56. Nd7+ $1 Ka8 57. Nb6+ ({White must play} 57. Bb6 $16 {[%csl Gb6][%cal Rc7a7]} Bb7 58. Nc5) 57... Kb8 $11 58. Nd7+ (58. Rg7 $11 Bf5 59. Nd5) 58... Ka8 $16 59. Bb6 {[%csl Gb6][%cal Rc7a7]} Bb7 60. Nc5 Be4 $2 {[%mdl 8192]} (60... Rb4 $16) 61. Rc8# {Precision: White = 75%, Black = 66%.} 1-0

[Event "7th Holuj Radzikowska 2017"]
[Site "Wroclaw"]
[Date "2017.11.29"]
[Round "1"]
[White "Zawadzka, Jolanta"]
[Black "Mkrtchian, Lilit"]
[Result "1/2-1/2"]
[WhiteElo "2428"]
[BlackElo "2390"]
[Annotator "TA"]
[PlyCount "102"]
[EventDate "2017.??.??"]
[EventType "swiss"]
[EventCountry "POL"]
[SourceTitle "playchess.com"]
[Source "ChessBase"]
[SourceQuality "1"]

{[%evp 21,102,41,53,18,32,0,0,0,0,0,46,31,50,47,81,0,127,137,133,140,136,143,140,141,184,79,85,41,58,58,88,69,88,97,113,96,204,84,95,88,142,49,85,19,48,31,33,25,39,0,0,-45,-8,-248,-241,-227,-230,-210,-81,-100,-64,-64,-78,-326,-97,-97,-97,-104,-23,-36,-34,-27,-35,-63,0,0,0,0,0,0,0,0,0]} 1. e4 c6 2. d4 d5 3. Nd2 dxe4 4. Nxe4 Nf6 5. Nxf6+ exf6 6. c3 Bd6 7. Bd3 O-O 8. Qc2 Re8+ 9. Ne2 Kh8 10. Be3 {B15: Caro-Kann: 3 Nc3: 3...g6 and 3...dxe4 4 Nxe4 Nf6 5 Nxf6+ exf6} Nd7 11. O-O (11. O-O-O Nf8 12. Kb1 Qc7 13. h4 Be6 14. c4 Bg4 15. h5 Bxe2 16. Qxe2 Bf4 17. h6 g6 18. Qf3 Rxe3 19. fxe3 {1-0 (41) Sadvakasov,D (2619)-Izoria,Z (2643) Philadelphia 2007}) 11... Nf8 {LiveBook: 6 Games} 12. Rfe1 {White is slightly better.} Qc7 13. h3 Be6 14. c4 Ng6 15. Rad1 Nh4 $146 ({Predecessor:} 15... Qd7 16. d5 cxd5 17. cxd5 Bxh3 18. Bxg6 hxg6 19. gxh3 Qxh3 {0-1 (25) Sandbrink,H-Blanchard,J Netherlands 1994}) 16. Nc3 $1 Qd7 {Threatens to win with ...Bxh3!} 17. Bf1 Bc7 18. f4 (18. d5 $16 Bxh3 19. gxh3) 18... Nf5 (18... Bxh3 $1 $11 19. Qf2 Qg4) 19. Bf2 $1 $16 Qd6 (19... Bxf4 $2 20. d5) 20. g3 Ba5 21. a3 Bxc3 22. Qxc3 Ne7 {[#]} 23. Bg2 (23. d5 $1 $18 {[%cal Rd5e6]} cxd5 24. cxd5 Nxd5 25. Bg2) 23... Rac8 24. a4 b6 25. b3 a6 26. Qd3 Bf5 27. Qd2 h5 28. Re3 Ng8 (28... g6 $16 {was worth a try.}) 29. Rde1 (29. Rxe8 $18 {and White stays clearly on top.} Rxe8 30. d5) 29... Rxe3 30. Qxe3 g6 ({Better is} 30... Qd7) 31. Kh2 (31. d5 $16 c5 32. a5) 31... Kg7 32. Qf3 (32. d5 $16 cxd5 33. Bxd5) 32... Nh6 33. c5 bxc5 34. dxc5 Qd2 35. Rd1 Qc2 {Strongly threatening ...Ng4+!} 36. Rd6 Be6 {aiming for ...Nf5.} (36... Re8 $5 37. Kg1 $8 (37. Qxc6 $2 Re2 $19) 37... Rb8 $11) 37. b4 $2 (37. Be1 $11 {and White has nothing to worry.}) 37... Nf5 38. Rxe6 fxe6 39. b5 Qxa4 ({Don't go for} 39... cxb5 $2 40. Qb7+ Kf8 41. Qxc8+ $18) (39... axb5 $19 {is more deadly.} 40. axb5 Ne7) 40. Qd3 $17 Ne7 41. Qd7 Kf7 42. Bxc6 $2 (42. b6 $17 Qb5 43. Bd4) 42... Rxc6 $2 (42... Qc2 $19 43. Kg1 Qb1+ 44. Kg2 axb5 45. Bxb5 Qe4+ 46. Kh2 Qf3) 43. bxc6 Qxc6 44. Qa7 {[#]} Qb5 (44... h4 $1 $17 {[%mdl 512] And now ...Qf3 would win.} 45. gxh4 Qf3) 45. c6 $11 Qxc6 46. Bc5 Qe8 47. Qc7 e5 ({Black should try} 47... g5 $1 $15) 48. h4 {The position is equal.} Ke6 {Hoping for ...Qd7.} 49. Qd6+ Kf7 50. Qc7 Ke6 {...Qd7 is the strong threat.} 51. Qd6+ Kf7 {Precision: White = 40%, Black = 34%.} 1/2-1/2

[Event "7th Holuj Radzikowska 2017"]
[Site "Wroclaw"]
[Date "2017.11.29"]
[Round "1"]
[White "Kulon, Klaudia"]
[Black "Szczepkowska, Karina"]
[Result "1-0"]
[WhiteElo "2352"]
[BlackElo "2406"]
[Annotator "ChessBase"]
[PlyCount "99"]
[EventDate "2017.??.??"]
[EventType "swiss"]
[EventCountry "POL"]
[SourceTitle "playchess.com"]
[Source "ChessBase"]
[SourceQuality "1"]
[TimeControl "40/5400+30:1800+30"]

1. c4 {[%emt 0:00:00]} Nf6 {[%emt 0:00:33]} 2. g3 {[%emt 0:00:00]} e6 {[%emt 0:00:52]} 3. Bg2 {[%emt 0:00:00]} d5 {[%emt 0:00:12]} 4. Nf3 {[%emt 0:00:01]} dxc4 {[%emt 0:01:18]} 5. Qa4+ {[%emt 0:00:32]} Nbd7 {[%emt 0:00:34]} 6. Qxc4 {[%emt 0:00:09]} a6 {[%emt 0:00:30]} 7. Qc2 {[%emt 0:01:00]} c5 {[%emt 0:01:02]} 8. O-O {[%emt 0:00:39]} b5 {[%emt 0:01:49]} 9. a4 {[%emt 0:04:41]} Bb7 {[%emt 0:01:52]} 10. Nc3 {[%emt 0:00:31]} Qb6 {[%emt 0:03:44]} 11. d3 {[%emt 0:03:13]} Be7 {[%emt 0:03:56]} 12. Qb3 {[%emt 0:05:11]} Nd5 {[%emt 0:05:35]} 13. Bg5 {[%emt 0:18:37]} Nxc3 {[%emt 0:14:29]} 14. Qxc3 {[%emt 0:00:24]} Bxg5 {[%emt 0:00:40]} 15. Nxg5 {[%emt 0:00:28]} O-O {[%emt 0:00:16]} 16. Bxb7 {[%emt 0:01:35]} Qxb7 {[%emt 0:00:30]} 17. Ne4 {[%emt 0:03:30]} c4 {[%emt 0:06:00]} 18. Rfd1 {[%emt 0:03:13]} Nb6 {[%emt 0:11:41]} 19. axb5 {[%emt 0:04:51]} axb5 {[%emt 0:00:17]} 20. Nd6 {[%emt 0:02:28]} Qc6 {[%emt 0:06:44]} 21. Rxa8 {[%emt 0:00:26]} Rxa8 {[%emt 0:00:16]} 22. dxc4 {[%emt 0:00:07]} bxc4 {[%emt 0:01:11]} 23. e4 {[%emt 0:01:34]} Rd8 {[%emt 0:08:17]} 24. e5 {[%emt 0:01:18]} h6 {[%emt 0:02:34]} 25. b3 {[%emt 0:07:04]} Qc5 {[%emt 0:12:04]} 26. Rc1 {[%emt 0:07:50]} Ra8 {[%emt 0:04:09]} 27. bxc4 {[%emt 0:02:03]} Ra3 {[%emt 0:03:17]} 28. Qb2 {[%emt 0:00:51]} Rf3 {[%emt 0:00:41]} 29. Kg2 {[%emt 0:05:52]} Rd3 {[%emt 0:02:59]} 30. Qb5 {[%emt 0:02:22]} Qd4 {[%emt 0:01:58]} 31. Rb1 {[%emt 0:05:20]} Rd2 {[%emt 0:04:12]} 32. Qxb6 {[%emt 0:00:22]} Qxe5 {[%emt 0:00:30]} 33. c5 {[%emt 0:07:19]} Qd5+ {[%emt 0:01:30]} 34. Kg1 {[%emt 0:00:03]} Rxf2 {[%emt 0:00:33]} 35. Kxf2 {[%emt 0:00:21]} Qd2+ {[%emt 0:00:07]} 36. Kf3 {[%emt 0:00:18]} Qd3+ {[%emt 0:00:12]} 37. Kf4 {[%emt 0:01:53]} g5+ {[%emt 0:01:18]} 38. Ke5 {[%emt 0:00:53]} Qc3+ {[%emt 0:00:27]} 39. Ke4 {[%emt 0:00:11]} Qc2+ {[%emt 0:00:26]} 40. Kd4 {[%emt 0:00:00]} Qd2+ {[%emt 0:00:14]} 41. Kc4 {[%emt 0:00:22]} Qc2+ {[%emt 0:01:22]} 42. Kb5 {[%emt 0:05:03]} Qxb1+ {[%emt 0:00:37]} 43. Kc6 {[%emt 0:00:04]} Qa2 {[%emt 0:01:59]} 44. Kb7 {[%emt 0:01:20]} Qd5+ {[%emt 0:02:10]} 45. c6 {[%emt 0:01:31]} Kg7 {[%emt 0:03:08]} 46. Qc7 {[%emt 0:00:29]} Qb3+ {[%emt 0:01:37]} 47. Ka8 {[%emt 0:00:04]} Kf6 {[%emt 0:02:58]} 48. Nb7 {[%emt 0:02:35]} Kg6 {[%emt 0:01:49]} 49. Kb8 {[%emt 0:00:40]} Qb4 {[%emt 0:06:12]} 50. Qd6 {[%emt 0:00:22]} 1-0

[Event "7th Holuj Radzikowska 2017"]
[Site "Wroclaw"]
[Date "2017.11.30"]
[Round "2"]
[White "Shvayger, Yuliya"]
[Black "Atalik, Ekaterina"]
[Result "1-0"]
[WhiteElo "2440"]
[BlackElo "2463"]
[Annotator "TA"]
[PlyCount "117"]
[EventDate "2017.??.??"]
[EventType "swiss"]
[EventCountry "POL"]
[SourceTitle "playchess.com"]
[Source "ChessBase"]
[SourceQuality "1"]

{[%evp 16,117,12,0,43,0,0,0,0,-8,24,11,11,16,12,12,22,14,11,13,18,0,31,31,46,28,75,43,50,20,38,36,31,21,29,16,19,24,33,0,0,0,2,0,0,5,5,0,23,-2,-2,-6,0,0,0,-17,0,0,163,185,281,255,208,0,0,0,0,0,0,0,0,0,0,-8,0,0,0,0,8,0,8,0,14,0,7,7,8,8,27,16,18,19,72,52,39,29,64,33,25,0,672,665,29974,29975]} 1. e4 c6 2. d4 d5 3. exd5 cxd5 4. c4 Nf6 5. Nc3 Nc6 6. Bg5 Be6 7. Be2 Qa5 {B13: Caro-Kann (Abtausch-Variante 4.c4)} 8. c5 Ne4 9. Nf3 {LiveBook: 5 Partien} Bg4 {Die Stellung ist ausgeglichen.} 10. Bd2 ({Lieber} 10. Qb3 $14 O-O-O 11. Be3) 10... Nxd2 $11 11. Nxd2 Bxe2 12. Nxe2 Qd8 $146 ({Vorgänger:} 12... g6 13. Qb3 O-O-O 14. f4 Bg7 15. Qc3 Qxc3 16. bxc3 {½-½ (46) Timofeev,A (2681)-Khairullin,I (2637) Belgorod 2010}) 13. O-O g6 14. Nf3 Bg7 15. b4 a6 16. Rb1 O-O 17. Qd3 Qd7 18. Rfd1 Rfd8 19. Nc3 h6 20. h3 g5 21. a4 e6 22. b5 axb5 23. axb5 Ne7 24. Ra1 Ng6 25. Ra4 Rxa4 26. Nxa4 Qc7 27. b6 Qc6 28. Nc3 e5 $1 {[%cal Re5e4]} 29. Qb5 Qe6 30. dxe5 Nxe5 31. Nd4 Qg6 32. Nde2 Qc2 33. Rc1 $36 {[%mdl 2048] Weiss kämpft um Vorteil.} Qf5 34. Nd4 Qd3 35. Nce2 Rc8 36. Qa4 Kh7 $2 (36... Nc6 $11 {und Schwarz muss sich keine Sorgen machen.} 37. Rd1 Qc4 38. Qxc4 dxc4) 37. Qa7 $1 $18 {[%cal Ra7b7]} Nc4 (37... Nd7 $142) 38. Qxb7 Rxc5 {[#] ...Sd6 ist eine echte Drohung.} 39. Qxf7 $2 (39. Qa7 $1 $18 {Und weiter mit b7 wäre nett.} Rc8 40. b7 (40. Qxf7 Nd6 $15)) 39... Nd6 $11 40. Qxg7+ Kxg7 41. Rxc5 Qb1+ 42. Kh2 {Droht stark b7.} Qxb6 43. Rxd5 Ne4 44. f4 gxf4 45. Nxf4 Qb8 46. Nde6+ Kf6 47. Rh5 Qh8 48. Nd4 {Droht Tf5+ und aus.} Nd6 49. Nf3 Nf7 50. Rb5 Qc8 51. Nd4 Qd7 52. Rb6+ Ke5 53. Nde2 Qc8 (53... Kf5 $11) 54. Ng6+ Ke4 55. Nef4 Kd4 56. Rf6 Qc7 57. h4 {[#]} Ke4 $2 {[%mdl 8192]} (57... Ng5 $1 $11 {[%mdl 512]}) 58. Re6+ $18 Kf5 59. Kh3 {Precision: Weiß = 46%, Schwarz = 43%.} 1-0

[Event "7th Holuj Radzikowska 2017"]
[Site "Wroclaw"]
[Date "2017.11.30"]
[Round "2"]
[White "Zawadzka, Jolanta"]
[Black "Kulon, Klaudia"]
[Result "1-0"]
[WhiteElo "2428"]
[BlackElo "2352"]
[Annotator "TA"]
[PlyCount "45"]
[EventDate "2017.??.??"]
[EventType "swiss"]
[EventCountry "POL"]
[SourceTitle "playchess.com"]
[Source "ChessBase"]
[SourceQuality "1"]

{[%evp 28,30,5,8,62]} 1. e4 e5 2. Nf3 Nc6 3. Bc4 Nf6 4. d4 exd4 5. e5 d5 6. Bb5 Ne4 7. Nxd4 Bd7 8. Bxc6 bxc6 9. O-O Bc5 10. f3 Ng5 11. f4 Ne4 12. Be3 Bb6 13. Nd2 Nxd2 14. Qxd2 c5 15. Nf3 {LiveBook: 61 Games} Bc6 {[#] C56: Two Knights: 4 d4 exd4 5 0-0 Nxe4} ({Better is} 15... d4 $11 16. Bf2 O-O) {Predecessor:} 16. f5 $146 d4 17. Bg5 Qd5 18. Rae1 h6 19. Bh4 c4 20. Qf4 Kd7 21. e6+ fxe6 22. Qg4 Kc8 23. fxe6 {1-0 (47) Perez Candelario,M (2576)-Trigo Urquijo,S (2397) La Roda 2017} 1-0

[Event "7th Holuj Radzikowska 2017"]
[Site "Wroclaw"]
[Date "2017.11.30"]
[Round "2"]
[White "Bulmaga, Irina"]
[Black "Javakhishvili, Lela"]
[Result "0-1"]
[WhiteElo "2420"]
[BlackElo "2438"]
[Annotator "TA"]
[PlyCount "148"]
[EventDate "2017.??.??"]
[EventType "swiss"]
[EventCountry "POL"]
[SourceTitle "playchess.com"]
[Source "ChessBase"]
[SourceQuality "1"]

{[%evp 14,148,63,56,50,52,45,44,52,49,50,46,74,0,0,2,-8,-74,-79,-60,-92,-86,-77,-77,-61,-85,-81,-89,19,21,6,8,0,-7,-4,-21,-16,-8,-10,-64,26,28,28,29,31,-68,-37,-174,-183,-206,-202,-469,-475,-651,-652,-649,-639,-669,-666,-658,-612,-631,-634,-635,-650,-647,-639,-639,-636,-568,0,-606,-603,-582,-590,-586,-588,-584,-566,-725,-708,-720,-716,-773,-773,-772,-766,-773,-758,-29974,-29974,-29955,-29948,-29947,-29949,-29944,-29944,-29944,-29940,-4871,-3862,-29952,-29953,-29964,-29961,-29973,-29967,-29974,-29975,-29976,-29976,-29982,-29965,-29983,-12847,-29984,-29983,-29985,-29986,-29990,-29990,-29990,-29991,-29991,-29990,-29994,-29995,-29996,-29994,-29994,-29994,-29994,-29995,-29995,-29996,-29996,-29997]} 1. e4 d6 2. d4 Nf6 3. Nc3 g6 4. Be3 c6 5. f3 Nbd7 6. Qd2 b5 7. g4 Bg7 8. O-O-O {LiveBook: 4 Games} Nb6 {B07: Pirc Defence: Miscellaneous Systems} (8... Qa5 9. Kb1 Rb8 10. h4 Nb6 11. Nd5 Qxd2 12. Nxf6+ Bxf6 13. Rxd2 h5 14. g5 Bg7 15. Bd3 Be6 16. f4 {0-1 (47) Kuchynka,L (2260)-Biolek,R (2457) Czech Republic 2016}) 9. Bh6 Bxh6 10. Qxh6 b4 {White is slightly better.} 11. Nce2 $1 a5 $146 ({Predecessor:} 11... Ba6 12. g5 Nh5 13. Nh3 Qc7 14. Nef4 Bxf1 15. Nxh5 Bxh3 16. Ng7+ {0-1 (68) Akatova,E (2115)-Lomakina,G (2196) St Petersburg 2002}) 12. Nf4 a4 13. g5 (13. h4 $16) 13... Nfd7 $1 $11 14. Qg7 Rf8 15. Qxh7 (15. Nd3 $11 {keeps the balance.}) 15... e5 $17 16. Ne6 fxe6 17. Qxg6+ Rf7 18. Qxe6+ Qe7 19. Qxe7+ $1 Kxe7 20. h4 Nf8 (20... exd4 $17 21. g6 Rf6) 21. h5 $36 {[%mdl 2048] White is more active.} Be6 22. g6 {[#] dxe5 is the strong threat.} Rf6 23. dxe5 dxe5 24. a3 bxa3 25. bxa3 Rb8 26. Rh4 (26. g7 $11) 26... c5 ({Black should play} 26... Nc4 $15 27. Rd3 (27. Bxc4 Bxc4 28. g7 Nh7 $15) 27... Nd6) 27. f4 Rxf4 28. Rxf4 exf4 29. Be2 ({Only move:} 29. g7 $14) 29... Nc4 30. Rd3 (30. Bxc4 $1 $15 Bxc4 31. g7) 30... Ne5 $19 31. Rc3 Nfd7 32. Nf3 $2 (32. g7) 32... Kf6 33. Nxe5 Nxe5 ({Weaker is} 33... Kxe5 34. h6 $17) 34. Rxc5 f3 35. Bxf3 Nxf3 36. Ra5 Bd7 37. Ra6+ {[#]} Kg7 $1 38. Ra7 Ne5 39. Ra5 Kf6 40. g7 {If only White now had time for h6....} Nf7 41. Ra7 Ne5 $2 ({Better is} 41... Be6 $19 42. Rxa4 Kxg7) 42. h6 $2 {[%mdl 8192]} (42. Ra5 $11) 42... Kf7 43. Kd2 Kg8 44. Ke3 Bb5 45. Kf4 Nf7 46. c4 Bxc4 47. Rxa4 Rc8 48. Ra7 Nxh6 49. e5 Rc6 50. Re7 Bf7 51. a4 Rc4+ 52. Kf3 Bd5+ 53. Ke2 Rxa4 54. Rd7 Bf7 55. Kd3 Nf5 56. Rc7 Nxg7 57. Rd7 Ne6 58. Kc3 Kg7 59. Rd2 Kg6 60. Rf2 Nf4 61. Rb2 Kf5 62. Rb5 Be6 63. Kc2 Nd5 (63... Bc4 $142 64. Rc5 Ne6 65. Rc8 Kxe5 66. Rh8 Nd4+ 67. Kd2 Ra3 68. Rc8 Rd3+ 69. Ke1 Be6 70. Rf8 Bc4 71. Rc8 Bb5 72. Rc7 Rb3 73. Re7+ Kd5 74. Rf7 Rb2 75. Rf2 Be2 76. Rf8 Bg4 77. Kf1 Nf3 78. Rd8+ Ke5 79. Re8+ Kf4 80. Re4+ Kf5 81. Rf4+ Ke5 82. Re4+ Kd5 83. Re2 Nh2+ 84. Ke1 Rxe2+ 85. Kd1 Kc4 86. Kc1 Nf1 87. Kd1 Kc3 88. Kc1 Re1#) 64. Kb3 Rh4 {Black mates.} 65. Kb2 Kxe5 66. Ka1 Bf5 67. Kb2 Kd4 68. Ra5 Bd3 69. Ra1 Rh2+ 70. Ka3 Nc3 71. Kb4 Rb2+ 72. Ka3 Rb8 73. Rg1 Kc4 {[%csl Gc4][%cal Rb8b3]} 74. Rg4+ Be4 {Precision: White = 33%, Black = 73%.} 0-1

[Event "7th Holuj Radzikowska 2017"]
[Site "Wroclaw"]
[Date "2017.11.30"]
[Round "2"]
[White "Szczepkowska, Karina"]
[Black "Socko, Monika"]
[Result "1/2-1/2"]
[WhiteElo "2406"]
[BlackElo "2476"]
[Annotator "TA"]
[PlyCount "65"]
[EventDate "2017.??.??"]
[EventType "swiss"]
[EventCountry "POL"]
[SourceTitle "playchess.com"]
[Source "ChessBase"]
[SourceQuality "1"]

{[%evp 28,65,4,5,9,16,10,-62,-47,-65,0,0,0,0,0,0,0,0,-3,-2,21,0,0,0,0,0,2,0,0,0,6,0,0,0,12,0,0,0,0,0]} 1. d4 Nf6 2. c4 e6 3. Nf3 Bb4+ 4. Nbd2 a5 5. a3 Be7 6. e4 d5 7. Bd3 c5 8. e5 Nfd7 9. cxd5 exd5 10. O-O Nc6 11. Re1 O-O 12. Qc2 h6 13. Bf5 {E11: Bogo-Indian} (13. b3 cxd4 14. Bb2 Nc5 15. Nxd4 Nxd4 16. Bxd4 Nxd3 17. Qxd3 Qd7 18. Be3 Ra6 19. Nf3 Rg6 20. Nd4 Qg4 {1-0 (86) Oparin,G (2625)-Lomasov,S (2450) Moscow 2017}) 13... cxd4 14. Nb3 Qb6 15. e6 {LiveBook: 3 Games} Nf6 16. exf7+ Rxf7 17. Nbxd4 $146 (17. Bxc8 $11 Rxc8 18. Nbxd4) ({Predecessor:} 17. Bxc8 Rxc8 18. Nbxd4 Ng4 19. Ne6 Bd6 20. h3 Nd8 {0-1 (34) D'Avino,G (2085)-Askerov,M (2299) Khanty-Mansiysk 2016}) 17... Nxd4 $15 18. Nxd4 Bxf5 ({Black should play} 18... Bc5 $1 $15 19. Bxc8 Rxc8) 19. Nxf5 $11 {The position is equal.} Bc5 {[#] And now ...Ng4 would win.} 20. Be3 d4 21. b4 axb4 22. axb4 {White wants to mate with Nxh6+.} Rxa1 23. Rxa1 Qxb4 24. Rb1 Qa5 25. Bxd4 Bxd4 26. Nxd4 Qd5 27. Nf3 b5 28. h3 Qc4 29. Qf5 Rb7 $1 30. Ra1 {[#] Ra8+ is the strong threat.} Re7 31. Rb1 Rb7 32. Ra1 {Threatens to win with Ra8+.} Re7 33. Rb1 {Precision: White = 42%, Black = 81%.} 1/2-1/2